[Event "Bethune-E"]
[Site "Bethune"]
[Date "2002.07.11"]
[Round "6.24"]
[White "Chardonnet, Kathy"]
[Black "Souilliart, Florian"]
[Result "0-1"]
[WhiteElo "1290"]
[BlackElo "1200"]
[PlyCount "102"]
[EventDate "2002.07.06"]
[EventType "tourn"]
[EventRounds "9"]
[EventCountry "FRA"]
[SourceTitle "EXT 2005"]
[Source "ChessBase"]
[SourceDate "2004.11.15"]
[SourceVersion "1"]
[SourceVersionDate "2004.11.15"]
[SourceQuality "1"]

1. d4 Nf6 2. f4 d5 3. Nf3 Bg4 4. e3 e6 5. Bd3 Bd6 6. 0-0 Nbd7 7. Nbd2 Qe7 8. c3 0-0 9. Qe1 Rfe8 10. Ne5 Bh5 11. Qh4 g6 12. Ndf3 Bxf3 13. Rxf3 Qd8 14. Qh6 Bf8 15. Qh4 Bg7 16. Bd2 Nh5 17. Qxd8 Raxd8 18. Re1 Nhf6 19. c4 dxc4 20. Bxc4 Nxe5 21. fxe5 Nd7 22. Bc3 Nb6 23. Bb3 c6 24. Bb4 Nd5 25. Ba3 Rd7 26. e4 Nb6 27. Bc5 Bf8 28. Rd1 Red8 29. Bxb6 axb6 30. Rfd3 c5 31. d5 exd5 32. Rxd5 Rxd5 33. exd5 Bg7 34. Re1 b5 35. d6 Kf8 36. Rf1 c4 37. e6 Bd4+ 38. Kh1 Rxd6 39. Rxf7+ Ke8 40. Bc2 Rxe6 41. Rf1 Re2 42. Bd1 Rxb2 43. Bf3 b6 44. Bc6+ Ke7 45. Rd1 Bc5 46. h4 Rxa2 47. Rd7+ Ke6 48. Rd8 b4 49. Bd5+ Ke5 50. Ra8 Rxa8 51. Bxa8 c3 0-1